Loading...
| History - World History | 1 | 2 | 0 | 2 | 35 | 54 | 101.67 | 0 | 1 |
| Fine Arts - Visual Fine Arts | 1 | 2 | 1 | 1 | 30 | 38 | 91.33 | 1 | 2 |
| Literature - European Literature | 1 | 1 | 0 | 1 | 25 | 56 | 93.00 | 1 | 2 |
| History - Other History | 0 | 1 | 0 | 1 | 10 | 133 | 133.00 | 0 | 1 |
| Philosophy | 0 | 1 | 0 | 1 | 10 | 109 | 109.00 | 0 | 1 |
| Science - Other Science | 0 | 1 | 0 | 1 | 10 | 121 | 121.00 | 0 | 1 |
| History - American History | 0 | 0 | 0 | 0 | 0 | 0.00 | 0 | 0 | |
| Science - Physics | 0 | 0 | 1 | 0 | -5 | 0.00 | 0 | 0 | |
| History - European History | 0 | 0 | 1 | 0 | -5 | 0.00 | 0 | 0 | |
| Literature - World Literature | 0 | 0 | 1 | 0 | -5 | 0.00 | 0 | 0 | |
| Mythology | 0 | 0 | 1 | 0 | -5 | 0.00 | 0 | 0 | |
| Literature - British Literature | 0 | 0 | 2 | 0 | -10 | 0.00 | 0 | 0 |